000 00542nam a2200217Ia 4500
003 OSt
005 20220928143414.0
006 a|||||r|||| 00| 0
007 ta
008 220927b |||||||| |||| 00| 0 eng d
024 _a22088
037 _cTextual
040 _aSDCL
_cSDCL
_beng
041 _2eng
_aeng
082 _aE9G,96, N0
100 _aMarinetti Guido V
_9505408
245 0 _aDisorders of lipid metabolism.
260 _c1990
942 _hE9G,96, N0
_cTEXL
_2CC
999 _c824099
_d824099